Initial D All Mountain Passes - Statistics

General Stats
  • This quiz has been taken 272 times
  • The average score is 6 of 18
Answer Stats
Notable Race(s) Mountain Pass % Correct
Takumi Fujiwara (AE86) vs Ryosuke Takahashi (FC3S) Mount Akina
100%
Ryosuke Takahashi (FC3S) vs Kyoichi Sudo (LanEvo 3) Mount Akagi
84%
Mako Sato, Sayuki (Sil80) vs Takumi Fujiwara (AE86) Mount Usui
63%
Kenta Nakamura (S14) vs Takumi Fujiwara (AE86) Mount Myogi
61%
Takumi Fujiwara (AE86) vs Kai Kogashiwa (SW20) Nikko Irohazaka
52%
Takumi Fujiwara (AE86) vs Wataru Akiyama (AE86 Turbo) Shomaru Pass
39%
Takumi Fujiwara (AE86) vs Tomoyuki Tachi (EK9) Happogahara
22%
Project D (AE86, FD3S) vs Seven Star Leaf (NA6, R34) Nichien-Momiji Line
21%
Project D (AE86 vs FD3S) vs Sidewinder (AE86, NSX) Tsubaki Line
20%
Project D (AE86, FD3S) vs Todo Juku (EK9, Integra) Enna Skyline
19%
Project D (AE86, FD3S) vs Team Spiral (Fairlady, S15) Hakone
18%
Akagi's White Comet (FC3S) vs Shinigami (R32) Toyo Tires Turnpike
18%
Project D (AE86, FD3S) vs Saitama (Cappuccino, AE86) Maze Pass
15%
Project D (AE86, FD3S) vs R.T Katagiri (ZZW30, Supra) Nagao Pass
15%
Project D (AE86, FD3S) vs Purple Shadow (R34, S2000) Ibaraki-Fruits Line
14%
Project D (AE86, FD3S) vs Team 246 (NB8C, Evo 7) Yabitsu Pass
13%
Project D (AE86, Loaned FD3S) vs Evo Jerks (Evo 5,6) Tsuchisaka Pass
9%
Project D (AE86, FD3S) vs Altezza, FD3S Single Turbo Sadami Pass
6%
No matching quizzes found
Score Distribution
Percent of People with Each Score
Percentile by Number Answered
Your Score History
You have not taken this quiz